[Event "CRO-chT2 Center 26th"]
[Site "Croatia"]
[Date "2017.03.26"]
[Round "1.52"]
[White "Dugandzic, Boris"]
[Black "Lasic, Luka"]
[Result "1-0"]
[WhiteElo "2258"]
[BlackElo "2151"]
[PlyCount "49"]
[EventDate "2017.03.26"]
[EventType "team-tourn"]
[EventRounds "11"]
[EventCountry "CRO"]
[SourceTitle "EXT 2019"]
[Source "ChessBase"]
[SourceDate "2018.10.10"]
[SourceVersion "1"]
[SourceVersionDate "2018.10.10"]
[SourceQuality "1"]

1. d4 Nf6 2. c4 d6 3. Nf3 Bg4 4. Nbd2 c5 5. d5 e5 6. e4 Be7 7. h3 Bh5 8. Bd3 0-0 9. g4 Bg6 10. Qe2 Ne8 11. Nf1 a6 12. Ng3 Bh4 13. Nf5 Bxf5 14. exf5 h6 15. Bd2 Nd7 16. 0-0-0 Nc7 17. Rdg1 Bg5 18. Nxg5 hxg5 19. h4 b5 20. hxg5 bxc4 21. f6 Re8 22. Qe4 Nf8 23. Qf3 gxf6 24. Qh3 Ng6 25. Bxg6 1-0

[Event "CRO Cup"]
[Site "Mali Losinj"]
[Date "2016.05.07"]
[Round "5.82"]
[White "Dugandzic, Boris"]
[Black "Sokac, Marko"]
[Result "1/2-1/2"]
[WhiteElo "2250"]
[BlackElo "2182"]
[PlyCount "26"]
[EventDate "2016.05.04"]
[EventType "team-swiss"]
[EventRounds "6"]
[EventCountry "CRO"]
[SourceTitle "CBM 172 Extra"]
[Source "ChessBase"]
[SourceDate "2016.06.21"]
[SourceVersion "1"]
[SourceVersionDate "2016.06.21"]
[SourceQuality "1"]
[WhiteTeam "Zagreb Koncar"]
[BlackTeam "Novo Virje Konaki"]
[WhiteTeamCountry "CRO"]
[BlackTeamCountry "CRO"]

1. d4 Nf6 2. c4 e5 3. dxe5 Ng4 4. Nf3 Bc5 5. e3 Nc6 6. Be2 0-0 7. 0-0 Re8 8. Nbd2 a5 9. Nb3 Bf8 10. e4 Ngxe5 11. Nxe5 Rxe5 12. Bf3 d6 13. Nd4 Bd7 1/2-1/2

[Event "CRO-chT2 Center 23rd"]
[Site "Grubisno Polje"]
[Date "2014.09.07"]
[Round "8.53"]
[White "Dugandzic, Boris"]
[Black "Portada, Maroje"]
[Result "1-0"]
[WhiteElo "2208"]
[BlackElo "2021"]
[PlyCount "99"]
[EventDate "2014.03.02"]
[EventType "team-match"]
[EventRounds "11"]
[EventCountry "CRO"]
[SourceTitle "EXT 2016"]
[Source "ChessBase"]
[SourceDate "2015.10.08"]
[SourceVersion "1"]
[SourceVersionDate "2015.10.08"]
[SourceQuality "1"]

1. d4 Nf6 2. Nf3 e6 3. g3 b6 4. Bg2 Bb7 5. 0-0 Be7 6. c4 0-0 7. b3 d5 8. Bb2 Nbd7 9. Nbd2 c5 10. e3 Rc8 11. Rc1 Ne4 12. Qe2 f5 13. dxc5 Ndxc5 14. Rfd1 Bf6 15. Nd4 Qe7 16. N2f3 dxc4 17. bxc4 Na4 18. Ba1 Ba6 19. Nd2 Nd6 20. Re1 Kh8 21. Nc6 Qc7 22. Bxf6 Rxf6 23. Ne5 Nf7 24. Nxf7+ Qxf7 25. e4 Qd7 26. exf5 exf5 27. Nf3 Nc5 28. Ne5 Qc7 29. Bd5 Bb7 30. Qh5 Bxd5 31. cxd5 g6 32. Qg5 Rcf8 33. Qe3 f4 34. Qd4 Qg7 35. g4 g5 36. Nf3 R6f7 37. Re5 h6 38. Rd1 Rd7 39. d6 Rfd8 40. Qd5 Rxd6 41. Qxd6 Rxd6 42. Rxd6 Kh7 43. Kg2 Qb7 44. Red5 Qa6 45. Rc6 Qxa2 46. Rdd6 Qf7 47. Rxh6+ Kg7 48. Rh7+ Kxh7 49. Nxg5+ Kg7 50. Nxf7 1-0

[Event "CRO-chT2 Center 23rd"]
[Site "Grubisno Polje"]
[Date "2014.04.06"]
[Round "6.6"]
[White "Ivekovic, Bozidar1111"]
[Black "Dugandzic, Boris"]
[Result "1-0"]
[WhiteElo "2291"]
[BlackElo "2208"]
[PlyCount "55"]
[EventDate "2014.03.02"]
[EventType "team-match"]
[EventRounds "11"]
[EventCountry "CRO"]
[SourceTitle "EXT 2016"]
[Source "ChessBase"]
[SourceDate "2015.10.08"]
[SourceVersion "1"]
[SourceVersionDate "2015.10.08"]
[SourceQuality "1"]

1. d4 e6 2. c4 b6 3. e4 Bb7 4. Bd3 Bb4+ 5. Bd2 Qe7 6. Nf3 Bxd2+ 7. Nbxd2 Nh6 8. 0-0 0-0 9. Re1 d6 10. e5 Nd7 11. Qc2 g6 12. Be4 c6 13. Qa4 d5 14. cxd5 exd5 15. Bd3 c5 16. Rac1 a6 17. dxc5 bxc5 18. b3 Rac8 19. Qf4 Kg7 20. Qg3 Rfe8 21. Ng5 Nf8 22. f4 Ne6 23. Ndf3 f6 24. Nh3 f5 25. Nh4 Nf8 26. Bxf5 Rc6 27. Bxg6 Rxg6 28. Nxg6 1-0

[Event "CRO-chT2 Center 22nd"]
[Site "Sisak"]
[Date "2013.10.20"]
[Round "11.1"]
[White "Mihalincic, Tomislav"]
[Black "Dugandzic, Boris"]
[Result "1-0"]
[WhiteElo "2275"]
[BlackElo "2210"]
[PlyCount "47"]
[EventDate "2013.04.14"]
[EventType "team-tourn"]
[EventRounds "11"]
[EventCountry "CRO"]
[SourceTitle "EXT 2016"]
[Source "ChessBase"]
[SourceDate "2015.10.08"]
[SourceVersion "1"]
[SourceVersionDate "2015.10.08"]
[SourceQuality "1"]

1. e4 e6 2. d4 d5 3. Nd2 c5 4. Ngf3 a6 5. dxc5 Bxc5 6. Bd3 Nf6 7. exd5 exd5 8. 0-0 0-0 9. h3 Nc6 10. Re1 Qb6 11. Re2 Nh5 12. Nf1 Nb4 13. a3 Nxd3 14. Qxd3 Be6 15. Ng5 Nf6 16. b4 Be7 17. Bb2 g6 18. Nxe6 fxe6 19. Rae1 Ne4 20. Bd4 Qc7 21. f3 Ng5 22. h4 Nf7 23. Rxe6 Bxh4 24. Rxg6+ 1-0

[Event "CRO-chT2 Center 22nd"]
[Site "Sisak"]
[Date "2013.04.21"]
[Round "4.3"]
[White "Dugandzic, Boris"]
[Black "Belani, Marijan"]
[Result "1-0"]
[WhiteElo "2210"]
[BlackElo "2059"]
[PlyCount "131"]
[EventDate "2013.04.14"]
[EventType "team-tourn"]
[EventRounds "11"]
[EventCountry "CRO"]
[SourceTitle "EXT 2016"]
[Source "ChessBase"]
[SourceDate "2015.10.08"]
[SourceVersion "1"]
[SourceVersionDate "2015.10.08"]
[SourceQuality "1"]

1. Nf3 Nf6 2. b3 c5 3. Bb2 e6 4. e3 a6 5. Be2 b6 6. 0-0 Bb7 7. c4 d6 8. d4 Nbd7 9. Nc3 Be7 10. Qc2 Qc7 11. Rad1 0-0 12. d5 e5 13. Bd3 Rae8 14. Ne2 g6 15. Ng3 Kg7 16. Nd2 Kg8 17. Rde1 Bd8 18. Qd1 Bc8 19. f4 exf4 20. exf4 Rxe1 21. Rxe1 Re8 22. Rxe8+ Nxe8 23. Nde4 Ndf6 24. Nf2 Qe7 25. f5 Bd7 26. Qd2 b5 27. h3 b4 28. Kh2 a5 29. Qf4 a4 30. fxg6 hxg6 31. bxa4 Bxa4 32. Qh6 Qf8 33. Qg5 Qg7 34. Qd2 Bd7 35. Nfe4 Nxe4 36. Nxe4 Qf8 37. a3 bxa3 38. Bxa3 Qe7 39. Bb2 f5 40. Nf2 Qf8 41. Be2 Bf6 42. Nd3 Qe7 43. Bc1 Bd4 44. Bf3 g5 45. Qd1 Qg7 46. g4 Nf6 47. Qe2 fxg4 48. hxg4 Kf7 49. Bd2 Kg6 50. Kg2 Kh6 51. Be1 Qf8 52. Bg3 Kg6 53. Nf2 Kg7 54. Nh3 Nh7 55. Be4 Qe7 56. Qf3 Bf6 57. Bf5 Nf8 58. Nf2 Be5 59. Ne4 Kh6 60. Bxd7 Nxd7 61. Qf5 Bxg3 62. Nxg3 Ne5 63. Qe4 Qf6 64. Nf5+ Kg6 65. Nxd6+ Kh6 66. Qxe5 1-0

[Event "Pula op 26th"]
[Site "Pula"]
[Date "2012.06.11"]
[Round "3"]
[White "Dugandzic, Boris"]
[Black "Fercec, Nenad"]
[Result "0-1"]
[WhiteElo "2224"]
[BlackElo "2460"]
[PlyCount "96"]
[EventDate "2012.06.09"]
[EventType "swiss"]
[EventRounds "9"]
[EventCountry "CRO"]
[SourceTitle "CBM 148 Extra"]
[Source "ChessBase"]
[SourceDate "2012.06.22"]
[SourceVersion "1"]
[SourceVersionDate "2012.06.22"]
[SourceQuality "1"]

1. d4 d5 2. Nf3 Nc6 3. g3 Bg4 4. Bg2 Qd7 5. Nc3 0-0-0 6. Na4 f6 7. Nc5 Qe8 8. c3 e5 9. b4 e4 10. Ng1 b6 11. Nb3 f5 12. a4 Nf6 13. a5 Bd6 14. axb6 axb6 15. Nh3 Kd7 16. 0-0 Ra8 17. Rxa8 Qxa8 18. f3 Bh5 19. Nf4 Bf7 20. g4 Ke7 21. gxf5 g6 22. fxe4 dxe4 23. Ne6 gxf5 24. Ng7 Qa2 25. Nxf5+ Ke8 26. Nxd6+ cxd6 27. d5 Nxd5 28. Rxf7 Nxc3 29. Qxd6 Nxe2+ 30. Kh1 Kxf7 31. Bg5 Qxb3 32. Bxe4 Nc3 33. Qc7+ Kg8 34. Bxc6 Qd1+ 35. Kg2 Qg4+ 36. Qg3 Qxg3+ 37. hxg3 Kf7 38. Bd2 Rc8 39. b5 Nxb5 40. Bd5+ Kf6 41. Be3 Ke5 42. Bb7 Rc2+ 43. Kh3 Nd4 44. Bf4+ Kf5 45. Be3 Ne6 46. g4+ Ke5 47. Kg3 Rc3 48. Kf2 Nc5 0-1

[Event "Zadar op-B 18th"]
[Site "Zadar"]
[Date "2011.12.11"]
[Round "1"]
[White "Dugandzic, Boris"]
[Black "Petkovic, Nenad"]
[Result "1-0"]
[WhiteElo "2246"]
[BlackElo "1945"]
[PlyCount "65"]
[EventDate "2011.12.11"]
[EventType "swiss"]
[EventRounds "9"]
[EventCountry "CRO"]
[SourceTitle "CBM 145 Extra"]
[Source "ChessBase"]
[SourceDate "2012.01.03"]
[SourceVersion "1"]
[SourceVersionDate "2012.01.03"]
[SourceQuality "1"]

1. Nf3 d5 2. g3 Nf6 3. Bg2 c6 4. 0-0 g6 5. b3 Bg7 6. Bb2 0-0 7. d3 Bg4 8. Nbd2 Nbd7 9. h3 Bxf3 10. Nxf3 Qc7 11. c4 dxc4 12. dxc4 Rfd8 13. Qc2 Rac8 14. Rfd1 Nb6 15. Be5 Rxd1+ 16. Rxd1 Qd8 17. Rxd8+ Rxd8 18. a4 Nbd7 19. Bc7 Rc8 20. Bf4 Nh5 21. Bg5 Nhf6 22. a5 h6 23. Be3 a6 24. b4 Kh7 25. Bd4 Re8 26. Qb2 Rb8 27. Ne5 Nxe5 28. Bxe5 Rd8 29. Bf3 h5 30. b5 axb5 31. cxb5 Ra8 32. a6 bxa6 33. b6 1-0

[Event "CRO-chT2 Center"]
[Site "Croatia"]
[Date "2011.10.23"]
[Round "11.63"]
[White "Dugandzic, Boris"]
[Black "Jakupec, Denis"]
[Result "1-0"]
[WhiteElo "2210"]
[BlackElo "2091"]
[PlyCount "63"]
[EventDate "2011.03.20"]
[EventType "team-tourn"]
[EventRounds "11"]
[EventCountry "CRO"]
[SourceTitle "EXT 2014"]
[Source "ChessBase"]
[SourceDate "2013.11.20"]
[SourceVersion "1"]
[SourceVersionDate "2013.11.20"]
[SourceQuality "1"]

1. c4 Nf6 2. g3 g6 3. Bg2 Bg7 4. Nf3 0-0 5. 0-0 c5 6. Nc3 Nc6 7. d4 d6 8. d5 Na5 9. Nd2 Rb8 10. Qc2 e6 11. b3 exd5 12. cxd5 Re8 13. Bb2 b5 14. Rae1 b4 15. Nd1 Ba6 16. Ne3 Qb6 17. h3 Nd7 18. Bxg7 Kxg7 19. Ne4 Ne5 20. Kh2 c4 21. f4 Qxe3 22. fxe5 dxe5 23. Rf3 Qh6 24. Nd6 Rf8 25. bxc4 Nxc4 26. Nxc4 Rbc8 27. Qe4 Bxc4 28. Qxe5+ Kg8 29. Rf4 a5 30. d6 Qg7 31. Qxa5 Qb2 32. d7 1-0

[Event "Pula op 25th"]
[Site "Pula"]
[Date "2011.06.21"]
[Round "4"]
[White "Dugandzic, Boris"]
[Black "Porper, Edward"]
[Result "1/2-1/2"]
[WhiteElo "2234"]
[BlackElo "2446"]
[PlyCount "64"]
[EventDate "2011.06.18"]
[EventType "swiss"]
[EventRounds "9"]
[EventCountry "CRO"]
[SourceTitle "CBM 143 Extra"]
[Source "ChessBase"]
[SourceDate "2011.08.29"]
[SourceVersion "1"]
[SourceVersionDate "2011.08.29"]
[SourceQuality "1"]

1. Nf3 Nf6 2. g3 d5 3. Bg2 Bg4 4. 0-0 Nbd7 5. c4 e6 6. b3 Bd6 7. d4 c6 8. Ba3 Bxa3 9. Nxa3 0-0 10. Nc2 Qe7 11. Ne3 Bh5 12. Qd2 Ne4 13. Qb2 f5 14. Nd1 f4 15. Nc3 Ng5 16. Nxg5 Qxg5 17. Qd2 Rf5 18. e4 fxg3 19. Qxg5 gxf2+ 20. Rxf2 Rxg5 21. exd5 exd5 22. cxd5 Nf6 23. dxc6 bxc6 24. Re1 Re8 25. Rxe8+ Bxe8 26. Re2 Bf7 27. Kf2 c5 28. dxc5 Rxc5 29. Ne4 Rf5+ 30. Kg1 Nxe4 31. Bxe4 Rf6 32. Rc2 Re6 1/2-1/2

[Event "CRO-Cup 20th"]
[Site "Sibenik"]
[Date "2011.05.21"]
[Round "5.82"]
[White "Rubil, Marko"]
[Black "Dugandzic, Boris"]
[Result "0-1"]
[WhiteElo "2255"]
[BlackElo "2234"]
[PlyCount "70"]
[EventDate "2011.05.18"]
[EventType "team-swiss"]
[EventRounds "6"]
[EventCountry "CRO"]
[SourceTitle "CBM 142 Extra"]
[Source "ChessBase"]
[SourceDate "2011.06.27"]
[SourceVersion "1"]
[SourceVersionDate "2011.06.27"]
[SourceQuality "1"]
[WhiteTeam "Slavonski Brod"]
[BlackTeam "Samobor"]
[WhiteTeamCountry "CRO"]
[BlackTeamCountry "CRO"]

1. e4 e6 2. d4 d5 3. e5 c5 4. c3 Nc6 5. Nf3 Nh6 6. Na3 cxd4 7. cxd4 Bxa3 8. bxa3 Nf5 9. Qd2 Bd7 10. Bb2 Rc8 11. Bd3 Qa5 12. g4 Qxd2+ 13. Kxd2 Nfe7 14. Bc3 0-0 15. Rab1 b6 16. Ng5 Ng6 17. Rhe1 f6 18. exf6 Rxf6 19. Re2 h6 20. Nh3 Nf4 21. Nxf4 Rxf4 22. Ke3 Rcf8 23. Bf5 g5 24. Bc2 e5 25. Kd3 Bxg4 26. dxe5 Bxe2+ 27. Kxe2 Rxf2+ 28. Kd1 Rxh2 29. Bb3 Rf1+ 30. Be1 Rxe1+ 31. Kxe1 Rh1+ 32. Kd2 Rxb1 33. Bxd5+ Kf8 34. Bxc6 Rf1 35. Ke3 Ke7 0-1

[Event "Zagreb op-B"]
[Site "Zagreb"]
[Date "2011.04.17"]
[Round "8"]
[White "Lasic, Luka"]
[Black "Dugandzic, Boris"]
[Result "0-1"]
[WhiteElo "2209"]
[BlackElo "2210"]
[PlyCount "74"]
[EventDate "2011.04.11"]
[EventType "swiss"]
[EventRounds "9"]
[EventCountry "CRO"]
[SourceTitle "CBM 141 Extra"]
[Source "ChessBase"]
[SourceDate "2011.05.03"]
[SourceVersion "1"]
[SourceVersionDate "2011.05.03"]
[SourceQuality "1"]

1. Nf3 e6 2. c4 f5 3. g3 Nf6 4. Bg2 d5 5. 0-0 c6 6. b3 Bd6 7. Bb2 0-0 8. d4 Qe7 9. Ne5 Nbd7 10. Nd2 a5 11. a3 a4 12. Nxd7 Bxd7 13. c5 Bc7 14. b4 e5 15. e3 e4 16. Re1 g5 17. f4 gxf4 18. exf4 Qg7 19. Nf1 h5 20. Ne3 h4 21. Kf2 Qh7 22. Rg1 Kf7 23. Bf1 Rg8 24. Be2 Rg7 25. Rg2 Rag8 26. Bc1 Ke7 27. Rb1 h3 28. Rg1 Bxf4 29. Nf1 Bc7 30. Qxa4 f4 31. Qa7 e3+ 32. Nxe3 Qxb1 33. Re1 fxe3+ 34. Bxe3 Ne4+ 35. Kf1 Rf8+ 36. Bf4 Rxf4+ 37. gxf4 Rg1+ 0-1

[Event "CRO-chT2 Center"]
[Site "Croatia"]
[Date "2011.04.03"]
[Round "6.32"]
[White "Samovojska, Damir"]
[Black "Dugandzic, Boris"]
[Result "1/2-1/2"]
[WhiteElo "2299"]
[BlackElo "2210"]
[PlyCount "42"]
[EventDate "2011.03.20"]
[EventType "team-tourn"]
[EventRounds "11"]
[EventCountry "CRO"]
[SourceTitle "EXT 2014"]
[Source "ChessBase"]
[SourceDate "2013.11.20"]
[SourceVersion "1"]
[SourceVersionDate "2013.11.20"]
[SourceQuality "1"]

1. d4 e6 2. e4 d5 3. Nd2 c5 4. exd5 exd5 5. Ngf3 Nc6 6. Bb5 Bd6 7. 0-0 Nge7 8. dxc5 Bxc5 9. Nb3 Bd6 10. h3 0-0 11. Nbd4 Bd7 12. Bd3 Rc8 13. Bg5 f6 14. Bh4 Ng6 15. Nb5 Be6 16. Re1 Nxh4 17. Rxe6 Nxf3+ 18. Qxf3 Be5 19. Qh5 g6 20. Bxg6 hxg6 21. Qxg6+ Kh8 1/2-1/2

[Event "CRO-chT2 Center"]
[Site "Zagreb"]
[Date "2010.04.11"]
[Round "6.23"]
[White "Dugandzic, Boris"]
[Black "Tomasic, Roland"]
[Result "0-1"]
[WhiteElo "2238"]
[BlackElo "2098"]
[PlyCount "78"]
[EventDate "2010.03.21"]
[EventType "team-tourn"]
[EventRounds "11"]
[EventCountry "CRO"]
[SourceTitle "EXT 2012"]
[Source "ChessBase"]
[SourceDate "2011.11.24"]
[SourceVersion "1"]
[SourceVersionDate "2011.11.24"]
[SourceQuality "1"]

1. d4 f5 2. Nc3 Nf6 3. Bg5 d5 4. e3 g6 5. Bxf6 exf6 6. Qf3 c6 7. Bd3 Be6 8. Nge2 Bd6 9. h3 h5 10. 0-0-0 Kf7 11. Nf4 Bxf4 12. Qxf4 Nd7 13. f3 Qb8 14. Ne2 h4 15. e4 dxe4 16. fxe4 fxe4 17. Bxe4 f5 18. Qf2 Nf6 19. Bd3 Nd5 20. Bc4 Qd6 21. Rhe1 Rae8 22. Bxd5 Bxd5 23. Nc3 Qg3 24. Qxg3 hxg3 25. Nxd5 cxd5 26. Kd2 Kf6 27. a4 f4 28. b3 Re4 29. Rxe4 dxe4 30. Ke2 g5 31. d5 Ke5 32. d6 Rf8 33. d7 f3+ 34. Kf1 Rd8 35. gxf3 exf3 36. Rd3 Ke4 37. Rd6 g4 38. Rg6 Rxd7 39. Rxg4+ Ke3 0-1

[Event "CRO-chT2 Center"]
[Site "Zagreb"]
[Date "2005.04.24"]
[Round "3.2"]
[White "Dugandzic, Boris"]
[Black "Marinkovic, Stjepko"]
[Result "0-1"]
[WhiteElo "2235"]
[BlackElo "2206"]
[PlyCount "72"]
[EventDate "2005.04.03"]
[EventType "team-tourn"]
[EventRounds "11"]
[EventCountry "CRO"]
[SourceTitle "EXT 2007"]
[Source "ChessBase"]
[SourceDate "2006.11.23"]
[SourceVersion "1"]
[SourceVersionDate "2006.11.23"]
[SourceQuality "1"]

1. d4 Nf6 2. c4 e6 3. Nc3 Bb4 4. e3 0-0 5. Nge2 b6 6. a3 Be7 7. Ng3 Bb7 8. e4 d6 9. Bd3 Nbd7 10. 0-0 e5 11. d5 Ne8 12. b4 Bg5 13. Na4 g6 14. c5 Bxc1 15. Rxc1 Ndf6 16. Rc3 Bc8 17. cxd6 Nxd6 18. Qb3 Qe7 19. Rfc1 Nfe8 20. Nb2 a5 21. bxa5 Rxa5 22. Nc4 Nxc4 23. Bxc4 Bd7 24. Nf1 Kg7 25. Be2 Ra7 26. Ne3 Ba4 27. Qb4 Qd8 28. Nc4 f6 29. Bg4 Bd7 30. Bd1 Rf7 31. d6 Be6 32. dxc7 Raxc7 33. Bb3 Qd4 34. Qxb6 Qxb6 35. Nxb6 Bxb3 36. Rxc7 Rxc7 0-1

[Event "CRO-chT"]
[Site "Rabac"]
[Date "2003.09.07"]
[Round "1"]
[White "Ljubicic, Filip"]
[Black "Dugandzic, Boris"]
[Result "1-0"]
[WhiteElo "2409"]
[BlackElo "2254"]
[PlyCount "65"]
[EventDate "2003.09.07"]
[EventType "team"]
[EventRounds "9"]
[EventCountry "CRO"]
[SourceTitle "CBM 096 Extra"]
[Source "ChessBase"]
[SourceDate "2003.10.22"]
[SourceVersion "2"]
[SourceVersionDate "2003.10.20"]
[SourceQuality "1"]

1. e4 e6 2. d4 d5 3. Nc3 Bb4 4. e5 c5 5. a3 Bxc3+ 6. bxc3 Ne7 7. h4 Nbc6 8. h5 h6 9. Nf3 Qa5 10. Bd2 Bd7 11. Rh4 0-0-0 12. Rf4 Rdf8 13. g3 g5 14. hxg6 fxg6 15. Rf6 g5 16. Bh3 Rxf6 17. exf6 Ng6 18. Qe2 Qd8 19. Ne5 Qxf6 20. Nxc6 Bxc6 21. Qxe6+ Qxe6+ 22. Bxe6+ Kc7 23. 0-0-0 cxd4 24. cxd4 Rf8 25. Rh1 Rf6 26. Bg4 Nf8 27. f4 Ne6 28. f5 Nf8 29. Bb4 Bd7 30. Re1 b6 31. Re5 a5 32. Be7 Rf7 33. Bh5 1-0